000 00466pab a2200169 454500
008 180718b2017 xxu||||| |||| 00| 0 eng d
100 _aMburu, Samuel et al
245 _aIncome and asset poverty among pastoralists in Northern Kenya
260 _c2017
300 _ap.971-986.
362 _aJun
650 _aIncome - Northern Kenya
650 _aPoverty - Northern Kenya
650 _aPoverty
773 _aJournal of Development Studies
909 _a114506
999 _c114500
_d114500